000 00211nam a22000857a 4500
008 160706b xxu||||| |||| 00| 0 eng d
100 _92382
_a Andrew, R.W
245 _aEnvironmental Science
260 _bLongman
_c1996
999 _c2058
_d2058